000 00367 a2200169 4500
001 58570
020 _a9788576765080
040 _cAnchieta - Pituba
100 _aRodda, Emily
240 1 0 _aO labirinto da besta
_lpor
245 1 0 _aO labirinto da besta
300 _a104
362 0 _a2010
440 1 _aFundamento
650 4 _aLiteratura juvenil
942 _cBK
999 _c58570
_d58570